000 00857nam a2200193 i 4500
001 156421
003 ES-MaACL
005 20250827231301.0
008 040729s1849 fr |||| | fre d
100 1 _aJoret.
_9128350
245 1 0 _aDe la folie dans le régime pénitentiaire
_b: depuis l'exécution de l'ordonnance ministérielle du 10 mai 1839 qui prescrit le silence absolu de jour et de nuit /
_cpar Joret.
260 _aParis :
_bJ.-B. Baillière,
_c1849 (
_fImp. de E. Martinet)
300 _aP. [319]-407 ;
_c25 cm.
595 _aExtrait des Mémoires de l'Académie Impériale de Médecine, T. XIV, 1849.
650 4 _aEstablecimientos penitenciarios-
_zFrancia.
_9143319
650 7 _aEnajenación mental (Derecho penal)
_2embne
_9167562
852 _aES-MaACL
_jD-89(8)
_z- Enc. pasta española
_z.- Donativo Lastres
999 _c156421
_d156421